000 01041cam a22003134a 4500
005 20260322212013.0
008 data
010 _a 2009288433
020 _a9780316044271 (movie tiein trade pb)
020 _a031604427X
040 _aDLC
_cDLC
_dDLC
042 _apcc
043 _ae-fr---
050 0 0 _aTX649.P66
_bA3 2009
100 1 _aPowell, Julie.
245 1 0 _aJulie and Julia :
_bmy year of cooking dangerously /
_cJulie Powell.
250 _aBack Bay pbk. movie tie-in ed.
260 _aNew York :
_bBack Bay Books,
_c2009.
300 _a307 p. ;
_c25 cm.
500 _a"Reader's pick guide inside"--Cover.
600 1 0 _aPowell, Julie.
600 1 0 _aChild, Julia.
_tMastering the art of French cooking.
650 0 _aWomen cooks
_vAnecdotes.
650 0 _aCooking, French
_vAnecdotes.
906 _a7
_bcbc
_corigcop
_d2
_encip
_f20
_gy-gencatlg
925 0 _aacquire
_b2 shelf copies
_xpolicy default
001 data
999 _c282
_d282